[Event "Mar del Plata op 24th"]
[Site "Mar del Plata"]
[Date "1993.04.??"]
[Round "?"]
[White "Dotta, Juan Carlos"]
[Black "Celis, Gustavo"]
[Result "0-1"]
[WhiteElo "2050"]
[BlackElo "2155"]
[PlyCount "54"]
[EventDate "1993.04.03"]
[EventType "swiss"]
[EventRounds "9"]
[EventCountry "ARG"]
[SourceTitle "EXT 2024"]
[Source "ChessBase"]
[SourceDate "2023.10.10"]
[SourceVersion "1"]
[SourceVersionDate "2023.10.10"]
[SourceQuality "1"]

1. e4 c5 2. c3 d5 3. exd5 Qxd5 4. d4 Nc6 5. Nf3 Nf6 6. Be2 Bg4 7. Na3 cxd4 8. Nb5 0-0-0 9. Nbxd4 e5 10. Nxc6 Qxc6 11. Qc2 Bd6 12. a4 Bb8 13. h3 Be6 14. c4 h6 15. Be3 g5 16. Rc1 g4 17. hxg4 Nxg4 18. b4 Nxe3 19. fxe3 Rhg8 20. c5 e4 21. Nd4 Bg3+ 22. Kd1 Rxd4+ 23. exd4 Rd8 24. Bh5 Rxd4+ 25. Ke2 Rxb4 26. Qc3 Qa6+ 27. Kd1 Qxa4+ 0-1